| 000 | 00761nam a2200265 a 4500 | ||
|---|---|---|---|
| 001 | 77252 | ||
| 003 | BD-RjUL | ||
| 005 | 20211209082942.0 | ||
| 008 | 200308s2003 inua 001 0 eng d | ||
| 020 | _a0789730103 | ||
| 035 | _a(DLC) 2003108682 | ||
| 040 |
_aDLC _cDLC _dDLC _dBD-RjUL _beng |
||
| 041 | _aeng | ||
| 082 | 0 | 0 |
_a005.52 _222 _bJOS 2003 |
| 100 | 1 |
_aJohnson, Steve, _d1961- _9240503 |
|
| 245 | 1 | 0 |
_aShow me Microsoft Office Word 2003 / _cSteve Johnson. |
| 246 | 3 | 0 | _aMicrosoft Office Word 2003 |
| 260 |
_aIndianapolis, IN : _bQue Pub., _cc2003. |
||
| 300 |
_axviii, 382 p. : _bill. ; _c24 cm. |
||
| 500 | _aIncludes index. | ||
| 650 | 0 |
_aWord processing. _9240504 |
|
| 942 |
_2ddc _cBK |
||
| 999 |
_c77252 _d77252 |
||